<?xml version="1.0" encoding="UTF-8"?>
<collection xmlns="http://www.loc.gov/MARC21/slim">
 <record>
  <leader>01316pam a22002898a 4500</leader>
  <controlfield tag="001">00022638</controlfield>
  <controlfield tag="005">20171026081022.0</controlfield>
  <controlfield tag="008">110601s2000                  ||||||Viesd</controlfield>
  <datafield tag="020" ind1=" " ind2=" ">
   <subfield code="c">8600</subfield>
  </datafield>
  <datafield tag="041" ind1="0" ind2="#">
   <subfield code="a">Vie</subfield>
  </datafield>
  <datafield tag="082" ind1="1" ind2="4">
   <subfield code="a">910.91</subfield>
   <subfield code="b">Đ103L</subfield>
  </datafield>
  <datafield tag="100" ind1="0" ind2="#">
   <subfield code="a">Nguyễn Phi Hạnh</subfield>
   <subfield code="e">Chủ biên</subfield>
  </datafield>
  <datafield tag="245" ind1="0" ind2="0">
   <subfield code="a">Địa lý các khu vực và một số quốc gia Châu Á và châu đại dương</subfield>
   <subfield code="b">Giáo trình đào tạo giáo viên trung học cơ sở hệ cao đẳng sư phạm</subfield>
   <subfield code="c">Nguyễn Phi Hạnh; Ông Thị Đan Thanh</subfield>
  </datafield>
  <datafield tag="260" ind1="#" ind2="#">
   <subfield code="a">H.</subfield>
   <subfield code="b">Giáo dục</subfield>
   <subfield code="c">2000</subfield>
  </datafield>
  <datafield tag="300" ind1="#" ind2="#">
   <subfield code="a">120 tr.</subfield>
   <subfield code="c">24 tr.</subfield>
  </datafield>
  <datafield tag="500" ind1="#" ind2="#">
   <subfield code="a">Bộ giáo dục và đào tạo</subfield>
  </datafield>
  <datafield tag="650" ind1="#" ind2="4">
   <subfield code="a">Địa lý</subfield>
  </datafield>
  <datafield tag="653" ind1="#" ind2="#">
   <subfield code="a">Châu Á</subfield>
  </datafield>
  <datafield tag="653" ind1="#" ind2="#">
   <subfield code="a">Châu Đại Dương</subfield>
  </datafield>
  <datafield tag="653" ind1="#" ind2="#">
   <subfield code="a">Giáo trình</subfield>
  </datafield>
  <datafield tag="700" ind1="0" ind2="#">
   <subfield code="a">Ông Thị Đan Thanh</subfield>
  </datafield>
  <datafield tag="852" ind1="#" ind2="#">
   <subfield code="b">Kho giáo trình</subfield>
   <subfield code="j">KGT.0024564, KGT.0024565, KGT.0024566, KGT.0024567, KGT.0024568, KGT.0024569, KGT.0024570, KGT.0024571</subfield>
  </datafield>
  <datafield tag="852" ind1="#" ind2="#">
   <subfield code="b">Kho mượn</subfield>
   <subfield code="j">KGT.0024564</subfield>
  </datafield>
  <datafield tag="852" ind1="#" ind2="#">
   <subfield code="b">Kho đọc</subfield>
   <subfield code="j">KD.0009952</subfield>
  </datafield>
  <datafield tag="852" ind1="#" ind2="#">
   <subfield code="j">KD.0009952</subfield>
   <subfield code="j">KGT.0024564</subfield>
   <subfield code="j">KGT.0024566</subfield>
   <subfield code="j">KGT.0024567</subfield>
   <subfield code="j">KGT.0024569</subfield>
   <subfield code="j">KGT.0024570</subfield>
   <subfield code="j">KGT.0024565</subfield>
   <subfield code="j">KGT.0024568</subfield>
   <subfield code="j">KGT.0024571</subfield>
   <subfield code="j">KGT.0059304</subfield>
  </datafield>
  <datafield tag="910" ind1="0" ind2="#">
   <subfield code="a">Hoa Lê</subfield>
   <subfield code="d">01/06/2011</subfield>
  </datafield>
  <datafield tag="980" ind1="#" ind2="#">
   <subfield code="a">Trung tâm Học liệu Lê Vũ Hùng, Trường Đại học Đồng Tháp</subfield>
  </datafield>
 </record>
</collection>
